Synthesis and Tribological Applications of Hybrid Materials / (Record no. 612893)
[ view plain ]
| 000 -LEADER | |
|---|---|
| fixed length control field | 00462nam a22001457a 4500 |
| 020 ## - INTERNATIONAL STANDARD BOOK NUMBER | |
| International Standard Book Number | 9783527343010 |
| 040 ## - CATALOGING SOURCE | |
| Transcribing agency | NUST |
| 082 ## - DEWEY DECIMAL CLASSIFICATION NUMBER | |
| Classification number | 621 |
| Author Mark | JAW |
| 100 ## - MAIN ENTRY--PERSONAL NAME | |
| Personal name | Jawaid, Mohammad |
| 9 (RLIN) | 127878 |
| 245 ## - TITLE STATEMENT | |
| Title | Synthesis and Tribological Applications of Hybrid Materials / |
| Statement of responsibility, etc. | Mohammad Jawaid |
| 260 ## - PUBLICATION, DISTRIBUTION, ETC. | |
| Place of publication, distribution, etc. | Singapore, |
| Name of publisher, distributor, etc. | Wiley, |
| Date of publication, distribution, etc. | 2018. |
| 300 ## - PHYSICAL DESCRIPTION | |
| Extent | 234p. ; |
| Other physical details | Hardbinding, |
| Dimensions | 25cm. |
| 700 ## - ADDED ENTRY--PERSONAL NAME | |
| Personal name | Nagarajan, Rajini. ,Sukumaran, Jacob. & De Baets, Patrick |
| 9 (RLIN) | 127880 |
| 942 ## - ADDED ENTRY ELEMENTS (KOHA) | |
| Source of classification or shelving scheme | |
| Koha item type | Book |
| Withdrawn status | Lost status | Source of classification or shelving scheme | Damaged status | Not for loan | Permanent Location | Current Location | Shelving location | Date acquired | Total Checkouts | Full call number | Barcode | Date last seen | Price effective from | Koha item type |
|---|---|---|---|---|---|---|---|---|---|---|---|---|---|---|
| School of Mechanical & Manufacturing Engineering (SMME) | School of Mechanical & Manufacturing Engineering (SMME) | General Stacks | 02/18/2025 | 621 JAW | SMME-4642 | 02/18/2025 | 02/18/2025 | Book |
